'I' Game Quiz Stats

 Plays Quiz Updated Jun 14, 2018

Score 0/33 Timer 08:00
3 Plays Today
% Correct
India
97.8%
Indian Ocean
97.3%
Indiana
92.5%
Iowa
88.8%
Illinois
87%
Idaho
84.9%
Indonesia
70.9%
Iran
69.5%
Iraq
69.5%
Iceland
67.7%
Isosceles
66.5%
Ireland
64.7%
Italy
56.9%
Indium
56.1%
Iron
55.6%
Israel
51.6%
Cleveland Indians
50.4%
% Correct
Iridium
49.2%
Icarus
43.3%
Incredibles 2
42%
(The) Incredibles
41.7%
Inside Out
37%
Iodine
34.9%
Eric Idle
28.9%
New York Islanders
28.7%
Isaiah
28.1%
Innocent
24.9%
Ipswich Town
24.4%
Islamabad
21.2%
Innsbruck (Austria)
20%
In The Heat Of The Night
15.3%
It Happened One Night
11.5%
Iapyx
7.3%

You're not logged in!

Compare scores with friends on all Sporcle quizzes.
OR
Log In

Sporcle TV

Today on Sporcle TV


Watch our educational content, quiz creation guides, and fun videos on Sporcle TV.

Show Comments

Extras

Top Quizzes Today


Score Distribution

Your Account Isn't Verified!

In order to create a playlist on Sporcle, you need to verify the email address you used during registration. Go to your Sporcle Settings to finish the process.

Report this User

Report this user for behavior that violates our Community Guidelines.

Details: